000 00506nam a2200193Ia 4500
003 GCL
008 140319s9999 xx 000 0 ara d
040 _aGCL /
_cGCL
082 0 4 _aق
_b962.3
_bع ب
100 1 _aعبدالمنعم ابوبكر
245 1 0 _aبلاد النوبة /
_cعبدالمنعم ابوبكر
300 _a127 ص
490 _a
650 0 4 _aتاريخ
650 0 4 _aالاثار الفرعونية
650 0 4 _aالمعابد
650 0 4 _aالنوبة
942 _2ddc
_cBK
999 _c38230
_d38230